| 000 | 00880nam a2200301Ia 4500 | ||
|---|---|---|---|
| 001 | Para_2039 | ||
| 003 | CHAP | ||
| 008 | 220125s2000 xx 000 0 und d | ||
| 010 | _a200672 | ||
| 040 | _cCHAP | ||
| 082 | _aPA 635.9642 M3 | ||
| 100 |
_aClark, John Marshall _9165554 |
||
| 245 |
_aFate and management of turfgrass chemicals / _c ed. by J. Marshall Clark and Michael P. Kenna |
||
| 260 |
_aWashington : _b American Chemical Society |
||
| 300 | _a465 p. | ||
| 440 |
_aACS Symposium series;743 _9165555 |
||
| 650 |
_aCésped _x enfermedades _924333 |
||
| 650 |
_aCésped _x plagas _924336 |
||
| 650 |
_aPesticidas _987536 |
||
| 700 |
_aKenna, Michael P. _9165556 |
||
| 901 | _aPA 635.9642 M3 | ||
| 902 | _aA | ||
| 905 | _a0000002000 an 0000000000 00 | ||
| 910 | _a2000 | ||
| 942 | _cPARA | ||
| 942 |
_cPARA _d1 |
||
| 999 |
_c200672 _d200672 |
||